Villes Françaises par leurs gentilés - Statistiques

Statistiques générales
  • Ce quiz a été pris 77 fois
  • Le résultat moyen est 7 sur 15
Statistiques - réponses
Gentilé Ville % Correct
Vannetais Vannes
95%
Amiénois Amiens
90%
Messins Metz
90%
Burgiens Bourg-en-Bresse
89%
Valentinois Valence
88%
Raphaëlois Saint-Raphaël
86%
Malouins Saint-Malo
68%
Dionysiens Saint-Denis
44%
Réginaburgiens Bourg-La-Reine
37%
Clodoaldiens Saint-Cloud
21%
Foyalais Fort de France
8%
Ignymontains Montigny-Le-Bretonneux
7%
Arlequins Lachassagne
4%
Mal-peignés Martigny-Courpierre
4%
Ponot Anicien Puy en Velay
4%
Aucun quiz correspondant
Distribution des résultats
% des personnes avec chaque résultat
Percentile par nombre de réponses
Votre historique - résultats
Vous n’avez pas pris ce quiz